| 000 | 00832cam a2200265u 4500 | ||
|---|---|---|---|
| 001 | 7959 | ||
| 003 | BD-RjUL | ||
| 005 | 20211208234512.0 | ||
| 008 | 140116s1966 gw a 001 0 ger | ||
| 020 | _a3190010102 | ||
| 035 | _a(BD-RjUL)8003 | ||
| 040 |
_aDLC _cCarP _dBD-RjUL _beng |
||
| 041 | _aeng | ||
| 082 | 0 | 4 |
_a435 _bGRM 1966 |
| 100 | 1 |
_aGriesbach, Heinz. _924837 |
|
| 245 | 1 | 0 |
_aModerner deutscher Sprachgebrauch : _ben lehrgang fur fortgeschrittene / _cHeinz Griesbach |
| 250 | _a(2. Aufl.) | ||
| 260 |
_aMünchen : _bHueber, _cc1966. |
||
| 300 |
_axxii, 333 p. : _bill. ; _c21 cm. |
||
| 504 | _aInclude index. | ||
| 650 | 0 |
_aGerman language _xGrammar _923217 |
|
| 700 | 1 |
_aGriesbach, Heinz. _tDeutsche Sprachlehre für Ausländer. Mittelstufe. [from old catalog] _924838 |
|
| 942 |
_2ddc _cBK |
||
| 999 |
_c7959 _d7959 |
||